000 00699nam a2200217 ca4500
001 000030525
003 RuMoIPM
005 20260507131244.0
008 220907s1986 ru ||||| |||| 00| 0 rus d
020 _a5-02-014338-3
035 _a(RuMoBEN) 001735335
040 _aRuMoBEN
_brus
_ercr
041 _arus
044 _aru
080 _a51(075.8)
245 1 0 _aСборник задач по математике для втузов :
_b[учебное пособие] :
_cпод ред. А. В. Ефимова
250 _a2-е изд., перераб.
260 _aМосква
_bНаука
_c1986-
700 1 _aЕфимов Александр Васильевич
_eред.
942 _cBK
999 _c30525
_d30525